Les sept péchés capitaux associés aux guignols - Statistiques

Statistiques générales
  • Ce quiz a été pris 29 fois
  • Le résultat moyen est 4 sur 7
Statistiques - réponses
Hint Réponse % Correct
Lilian Gourmandise
76%
Matéo Avarice
72%
Mathieu Paresse
72%
Auriane Colère
68%
Mathis Luxure
64%
Sacha Orgueil
60%
Douglas Jalousie
24%
Aucun quiz correspondant
Distribution des résultats
% des personnes avec chaque résultat
Percentile par nombre de réponses
Votre historique - résultats
Vous n’avez pas pris ce quiz